[Event "10. Lichtenberger Sommer"]
[Site "Berlin"]
[Date "2011.08.20"]
[Round "8.86"]
[White "Schilly, Hans-Joachim"]
[Black "Duric, Rajko"]
[Result "1-0"]
[WhiteElo "1835"]
[BlackElo "1808"]
[PlyCount "89"]
[EventDate "2011.??.??"]
[WhiteTeam "SF Siemensstadt"]
[BlackTeam "SC Kreuzberg e.V."]

1. c4 e5 2. Nc3 c6 3. Nf3 d6 4. d4 exd4 5. Qxd4 h6 6. g3 Qf6 7. Bg2 Qxd4 8.
Nxd4 g6 9. O-O Bg7 10. e3 Nf6 11. Rd1 Ke7 12. Bd2 Nbd7 13. Rab1 Nb6 14. b3 a6
15. Nce2 c5 16. Nc2 Bf5 17. Rbc1 Be4 18. f3 Bc6 19. e4 Nfd7 20. f4 Rhe8 21. Bc3
Kf8 22. Bxg7+ Kxg7 23. Nc3 Re6 24. Ne3 Rae8 25. Ned5 Nc8 26. Nc7 R8e7 27. Nxe6+
fxe6 28. Rd2 Nf6 29. h3 Ne8 30. Rcd1 b5 31. e5 Bxg2 32. Kxg2 Rd7 33. cxb5 axb5
34. Nxb5 d5 35. Rc2 Na7 36. Nxa7 Rxa7 37. Rdd2 Ra5 38. g4 Kf7 39. f5 gxf5 40.
gxf5 Ng7 41. fxe6+ Nxe6 42. Rf2+ Kg7 43. Rc3 Nf8 44. Rg3+ Ng6 45. e6 1-0

[Event "10. Lichtenberger Sommer"]
[Site "Berlin"]
[Date "2011.08.20"]
[Round "8.87"]
[White "Dittrich, Tom"]
[Black "Albinus, Guenter"]
[Result "0-1"]
[WhiteElo "1157"]
[BlackElo "1825"]
[PlyCount "62"]
[EventDate "2011.??.??"]
[WhiteTeam "SG Blau-Weiß Stadtilm"]
[BlackTeam "SG Weißensee 49 e.V."]

1. Nc3 c5 2. e4 Nc6 3. f4 d6 4. Nf3 g6 5. g3 Bg7 6. Bg2 Nf6 7. O-O O-O 8. d3
Bd7 9. Kh1 Qc8 10. Be3 a6 11. d4 cxd4 12. Nxd4 Bh3 13. f5 Bxg2+ 14. Kxg2 Ne5
15. h3 h5 16. Qd2 Nc4 17. Qc1 Nxe3+ 18. Qxe3 b5 19. Rac1 Kh7 20. Qf2 Qb7 21.
Rce1 b4 22. fxg6+ fxg6 23. Nd1 Nxe4 24. Qe3 Nd2+ 25. Kg1 Rxf1+ 26. Rxf1 Nxf1
27. Kxf1 Rf8+ 28. Ke1 Qh1+ 29. Ke2 Qf1+ 30. Kd2 Bh6 31. Qxh6+ Kxh6 0-1

[Event "10. Lichtenberger Sommer"]
[Site "Berlin"]
[Date "2011.08.20"]
[Round "8.88"]
[White "Huebner, Alan-Ari"]
[Black "Kujawa, Werner"]
[Result "1-0"]
[WhiteElo "1636"]
[BlackElo "1836"]
[PlyCount "71"]
[EventDate "2011.??.??"]
[WhiteTeam "TuS Makkabi Berlin e.V."]
[BlackTeam "SV Motor Wildau e.V."]

1. d4 Nf6 2. c4 c5 3. d5 b5 4. a4 b4 5. Nd2 d6 6. e4 g6 7. b3 Bg7 8. Bb2 O-O 9.
f4 Nbd7 10. Ngf3 Qc7 11. Bd3 Nh5 12. Bxg7 Nxg7 13. O-O f5 14. exf5 Nxf5 15. Qe2
Nf6 16. Rae1 Bd7 17. Bxf5 gxf5 18. Ng5 Rae8 19. Ne6 Bxe6 20. Qxe6+ Kh8 21. Qxf5
Ng8 22. Qh3 Qc8 23. Qxc8 Rxc8 24. Re6 Rf6 25. Rxf6 Nxf6 26. Re1 Ng8 27. Nf3 Rf8
28. g3 h6 29. Nh4 Kg7 30. Kg2 Rf6 31. f5 h5 32. h3 Kh6 33. g4 hxg4 34. hxg4 Kg5
35. Kg3 Rf7 36. Re6 1-0

[Event "10. Lichtenberger Sommer"]
[Site "Berlin"]
[Date "2011.08.20"]
[Round "8.89"]
[White "Lasschuit, Rene"]
[Black "Berg, Gerd"]
[Result "1-0"]
[WhiteElo "1862"]
[BlackElo "1623"]
[PlyCount "59"]
[EventDate "2011.??.??"]
[WhiteTeam "vereinslos"]
[BlackTeam "SK König Tegel 1949 e.V."]

1. d4 Nf6 2. Nf3 e6 3. e3 d5 4. Bd3 Nbd7 5. O-O c5 6. c3 Be7 7. Nbd2 O-O 8. e4
dxe4 9. Nxe4 Nxe4 10. Bxe4 Nf6 11. Bc2 Qc7 12. Qe2 b6 13. Bg5 Bb7 14. Rad1 Nd5
15. Qd3 g6 16. Bxe7 Qxe7 17. Qd2 Rad8 18. Qh6 Qf6 19. Be4 Ba6 20. Rfe1 Qg7 21.
Qxg7+ Kxg7 22. dxc5 bxc5 23. Ne5 Nf6 24. Bf3 Bb5 25. g3 Nd7 26. Nxd7 Ba4 27.
Nxf8 Rxd1 28. Nxe6+ fxe6 29. Bxd1 Bd7 30. Re5 1-0

[Event "10. Lichtenberger Sommer"]
[Site "Berlin"]
[Date "2011.08.20"]
[Round "8.90"]
[White "Pilgrim, Wilfried"]
[Black "Bolshakov, Konstantin"]
[Result "0-1"]
[WhiteElo "1463"]
[BlackElo "1618"]
[PlyCount "50"]
[EventDate "2011.??.??"]
[WhiteTeam "SC Kreuzberg e.V."]
[BlackTeam "SG 1871 Löberitz"]

1. Nf3 d5 2. c3 c5 3. d4 Nc6 4. e3 Nf6 5. Bd3 Bg4 6. Nbd2 e6 7. e4 cxd4 8. Qc2
dxc3 9. bxc3 Bc5 10. Nd4 O-O 11. h3 Bh5 12. g4 Nxd4 13. cxd4 Bxd4 14. Bb2 Bxb2
15. Qxb2 Bg6 16. Rd1 dxe4 17. Bxe4 Bxe4 18. Nxe4 Qa5+ 19. Nd2 Rad8 20. O-O Rd5
21. Nc4 Qa4 22. Rc1 b5 23. Ne5 Qf4 24. Nc6 Nxg4 25. f3 Rd2 0-1

[Event "10. Lichtenberger Sommer"]
[Site "Berlin"]
[Date "2011.08.20"]
[Round "8.91"]
[White "Sube, Günter"]
[Black "Moeller, Dirk"]
[Result "1-0"]
[WhiteElo "1842"]
[BlackElo "1683"]
[PlyCount "93"]
[EventDate "2011.??.??"]
[WhiteTeam "SV Bau-Union e.V."]
[BlackTeam "SC Kreuzberg e.V."]

1. e4 c5 2. Nc3 Nc6 3. a3 g6 4. Bc4 Nf6 5. d3 Bg7 6. Nge2 O-O 7. O-O Qc7 8. Bf4
d6 9. Rb1 a6 10. Qd2 e5 11. Bh6 b5 12. Bxg7 Kxg7 13. Nd5 Qd8 14. Ba2 Be6 15. c4
Nd4 16. Nxd4 exd4 17. Nxf6 Qxf6 18. b3 Rab8 19. cxb5 axb5 20. b4 Qe5 21. Bxe6
fxe6 22. f4 Qf6 23. Qe2 Qe7 24. Qb2 Qc7 25. Rf2 Qa7 26. Rbf1 c4 27. dxc4 bxc4
28. Rd1 e5 29. g3 d3 30. Rdd2 Qc7 31. Qc3 h6 32. Rxd3 Qc6 33. Re3 Rbe8 34. Qc2
Qc8 35. Rc3 Qg4 36. Qe2 Qxe2 37. Rxe2 exf4 38. Rxc4 fxg3 39. hxg3 Rf3 40. Kg2
Rxa3 41. Rd2 Ra6 42. Rcd4 Re6 43. b5 Rb6 44. Rb4 Kf6 45. Kh3 Re5 46. Rdb2 Rxe4
47. Rxe4 1-0

[Event "10. Lichtenberger Sommer"]
[Site "Berlin"]
[Date "2011.08.20"]
[Round "8.93"]
[White "Bauer, Stefan"]
[Black "Engers, Felix"]
[Result "1-0"]
[WhiteElo "1684"]
[BlackElo "1536"]
[PlyCount "63"]
[EventDate "2011.??.??"]
[WhiteTeam "SC Kreuzberg e.V."]
[BlackTeam "SC Zitadelle Spandau 1977 e.V."]

1. Nf3 g6 2. d4 Bg7 3. c4 Nf6 4. Nc3 O-O 5. e4 d6 6. Be2 e5 7. d5 c6 8. Bg5
cxd5 9. cxd5 Qb6 10. Rb1 Nbd7 11. O-O Nc5 12. Nd2 a6 13. Be3 Qc7 14. Rc1 Qe7
15. b4 Ncd7 16. a4 Ne8 17. f4 f5 18. exf5 Rxf5 19. Bg4 exf4 20. Bxf4 Rxf4 21.
Be6+ Kh8 22. Rxf4 Nf8 23. Rf7 Qg5 24. Qe2 Nxe6 25. dxe6 Bxe6 26. Rxb7 Bf5 27.
Re1 Nf6 28. Nf3 Qh5 29. Qe7 Qh6 30. Qxd6 Ng4 31. h4 Bc8 32. Re8+ 1-0

[Event "10. Lichtenberger Sommer"]
[Site "Berlin"]
[Date "2011.08.20"]
[Round "8.94"]
[White "Stiefel, Marika"]
[Black "Huelse, Hagen"]
[Result "0-1"]
[WhiteElo "1772"]
[BlackElo "1702"]
[PlyCount "66"]
[EventDate "2011.??.??"]
[WhiteTeam "SSV Vimaria 91 Weimar"]
[BlackTeam "Forster Schachclub 95"]

1. f4 e5 2. fxe5 d6 3. exd6 Bxd6 4. Nf3 g5 5. c3 g4 6. Qa4+ Nc6 7. Qe4+ Be6 8.
Nd4 Nxd4 9. Qxd4 Qf6 10. Qxf6 Nxf6 11. d4 Ne4 12. g3 Bd5 13. Rg1 O-O-O 14. Bg2
f5 15. Nd2 Nf6 16. c4 Bxg2 17. Rxg2 Bb4 18. e3 Rhe8 19. Ke2 Rxd4 20. Nb3 Rxc4
21. Kd3 Rc6 22. Rf2 Rd8+ 23. Nd4 Rcd6 24. Rxf5 c5 25. Kc4 cxd4 26. Kxb4 Nd5+
27. Kc4 dxe3 28. Re5 Rc6+ 29. Kd4 Nb4+ 30. Ke4 Nd3 31. Bxe3 Nxe5 32. Kxe5 Re8+
33. Kd4 Rd6+ 0-1

[Event "10. Lichtenberger Sommer"]
[Site "Berlin"]
[Date "2011.08.20"]
[Round "8.95"]
[White "Kornijenko, Alexander"]
[Black "Petersen, Marcel"]
[Result "1-0"]
[WhiteElo "1648"]
[BlackElo "1271"]
[PlyCount "49"]
[EventDate "2011.??.??"]
[WhiteTeam "vereinslos"]
[BlackTeam "SG Grün-Weiß Baumschulenweg e.V."]

1. e4 c5 2. Nf3 d6 3. d4 cxd4 4. Nxd4 Nf6 5. Nc3 g6 6. f3 Bg7 7. Be3 O-O 8. Qd2
Nc6 9. O-O-O Bd7 10. h4 a6 11. Be2 b5 12. Bh6 Nxe4 13. Nxe4 Nxd4 14. Bxg7 Nxe2+
15. Qxe2 Kxg7 16. h5 Bf5 17. hxg6 Bxg6 18. Qe3 h5 19. g4 Bxe4 20. Qxe4 Rh8 21.
gxh5 Kf8 22. h6 Rc8 23. Qd4 Rh7 24. Rdg1 Qc7 25. Qg7+ 1-0

[Event "10. Lichtenberger Sommer"]
[Site "Berlin"]
[Date "2011.08.20"]
[Round "8.96"]
[White "Laurin, Dirk"]
[Black "Münstermann, Claudia"]
[Result "0-1"]
[WhiteElo "1671"]
[BlackElo "1838"]
[PlyCount "82"]
[EventDate "2011.??.??"]
[WhiteTeam "SG Narva Berlin e.V."]
[BlackTeam "SC Weisse Dame e.V."]

1. e4 c5 2. Nf3 d6 3. c3 Nf6 4. e5 Nd5 5. d4 cxd4 6. Qxd4 dxe5 7. Nxe5 e6 8.
Bb5+ Nd7 9. O-O a6 10. Ba4 b5 11. Bc2 Bc5 12. Qe4 N7f6 13. Qe2 O-O 14. Rd1 Qc7
15. Ng4 Bb7 16. Nxf6+ Nxf6 17. Be3 Bd6 18. h3 Qc6 19. f3 Qc7 20. Nd2 Rad8 21.
Bg5 Be7 22. Qf2 h6 23. Be3 Nd5 24. Kf1 Nxe3+ 25. Qxe3 Rd7 26. Ne4 Bd5 27. Bb3
Rfd8 28. Bc2 Bc4+ 29. Kg1 f5 30. Nf2 Bc5 31. Qe1 Qb6 32. b3 Bd3 33. Bxd3 Rxd3
34. Rdc1 Rd2 35. Kh1 Bxf2 36. Qf1 Be3 37. c4 Rf2 38. Qe1 Bxc1 39. Rxc1 bxc4 40.
Rxc4 Rxa2 41. Rb4 Ra1 0-1

[Event "10. Lichtenberger Sommer"]
[Site "Berlin"]
[Date "2011.08.20"]
[Round "8.97"]
[White "Kammler, Hans-Joachim"]
[Black "Llacer Bosbach, Ana"]
[Result "0-1"]
[WhiteElo "1519"]
[BlackElo "1526"]
[PlyCount "70"]
[EventDate "2011.??.??"]
[WhiteTeam "vereinslos"]
[BlackTeam "CIM Benimaclet Valencia"]

1. e4 e5 2. Nf3 Nc6 3. Bb5 d6 4. d4 exd4 5. Nxd4 Bd7 6. Nc3 a6 7. Nxc6 bxc6 8.
Bc4 Be7 9. Bf4 Bf6 10. Qd2 Ne7 11. Rb1 Ng6 12. Bg3 O-O 13. Bd3 Ne5 14. Bxe5
Bxe5 15. f4 Bxc3 16. Qxc3 Qh4+ 17. g3 Qe7 18. O-O c5 19. Rbe1 Bb5 20. f5 f6 21.
Qb3+ Kh8 22. c4 Bc6 23. Qd1 Qe5 24. b3 Rae8 25. Rf4 Bd7 26. Qe2 Qe7 27. h4 Rg8
28. h5 Ref8 29. Kf2 Be8 30. Rh1 c6 31. Qf3 Qe5 32. Be2 Qb2 33. a4 Qe5 34. Kg2
Bf7 35. Rd1 Rd8 0-1

[Event "10. Lichtenberger Sommer"]
[Site "Berlin"]
[Date "2011.08.20"]
[Round "8.98"]
[White "Toth, Hans-Juergen"]
[Black "Priese, Annika"]
[Result "1-0"]
[WhiteElo "1641"]
[BlackElo "1462"]
[PlyCount "73"]
[EventDate "2011.??.??"]
[WhiteTeam "Schachfreunde Zehdenick 76 e.V."]
[BlackTeam "SG 1871 Löberitz"]

1. f4 g6 2. Nf3 Bg7 3. e3 d5 4. c4 dxc4 5. Bxc4 Nf6 6. O-O O-O 7. Ne5 c5 8. Nc3
b6 9. Qf3 Bb7 10. Qxb7 Nbd7 11. Nxd7 Nxd7 12. Qf3 Nf6 13. Ne4 Qd7 14. Nxf6+
Bxf6 15. Rd1 Rad8 16. Ba6 Qa4 17. Be2 Qc2 18. d3 Bxb2 19. Bxb2 Qxb2 20. Qf2 Rd6
21. Bf1 Qc3 22. Qd2 Qa3 23. Qc2 Rfd8 24. Qb3 Qa6 25. d4 Qc8 26. dxc5 Qxc5 27.
Rac1 Qf5 28. Rxd6 Rxd6 29. Qc3 Qe4 30. Be2 Re6 31. Kf2 Qa4 32. Qb3 Qa5 33. Rc8+
Kg7 34. Qb2+ f6 35. Qb3 Rd6 36. Qg8+ Kh6 37. Qf8# 1-0

[Event "10. Lichtenberger Sommer"]
[Site "Berlin"]
[Date "2011.08.20"]
[Round "8.99"]
[White "Theilig, Reinhard"]
[Black "Kühnert, Hanno"]
[Result "1/2-1/2"]
[WhiteElo "1701"]
[BlackElo "1313"]
[PlyCount "89"]
[EventDate "2011.??.??"]
[WhiteTeam "VfB Hermsdorf e.V."]
[BlackTeam "SC Rotation Pankow e.V."]

1. Nf3 Nf6 2. c4 c6 3. g3 e6 4. Bg2 d5 5. cxd5 exd5 6. b3 Nbd7 7. Bb2 Be7 8.
O-O O-O 9. d3 Re8 10. Re1 Bb4 11. Nbd2 Qa5 12. a3 Bc3 13. b4 Qc7 14. Bxc3 Qd6
15. Nb3 Nf8 16. h3 Nh5 17. Kh2 Re6 18. e4 Ng6 19. Ng5 Re8 20. Qxh5 h6 21. Nxf7
Kxf7 22. Qf3+ Kg8 23. exd5 Rf8 24. Qe3 Nh4 25. Qd4 Nf5 26. Qe5 Qg6 27. dxc6
bxc6 28. Bxc6 Qxc6 29. g4 Bb7 30. Qe6+ Qxe6 31. Rxe6 Nh4 32. Kg3 g5 33. Rxh6
Rf3+ 34. Kh2 Rxf2+ 35. Kg1 Rg2+ 36. Kf1 Rf8+ 37. Rf6 Rxf6+ 38. Bxf6 Rh2 39. Kg1
Rxh3 40. Bd4 Rxd3 41. Nc5 Rxd4 42. Nxb7 Rxg4+ 43. Kh2 Nf3+ 44. Kh3 Rh4+ 45. Kg2
1/2-1/2

[Event "10. Lichtenberger Sommer"]
[Site "Berlin"]
[Date "2011.08.20"]
[Round "8.100"]
[White "Stiewe, Frank"]
[Black "Hitzelberger, Michael"]
[Result "0-1"]
[WhiteElo "1696"]
[BlackElo "1284"]
[PlyCount "64"]
[EventDate "2011.??.??"]
[WhiteTeam "vereinslos"]
[BlackTeam "Sfrd. Berlin 1903 e.V."]

1. e4 e5 2. Nf3 Nc6 3. Bb5 a6 4. Ba4 b5 5. Bb3 Be7 6. a3 Nf6 7. d3 O-O 8. Ba2
d6 9. b4 Bg4 10. h3 Bh5 11. g4 Bg6 12. Nh4 Kh8 13. Nxg6+ fxg6 14. g5 Nh5 15. h4
Nd4 16. Nd2 Nf4 17. Rh2 Bxg5 18. Nf3 Nxd3+ 19. Qxd3 Nxf3+ 20. Ke2 Bxc1 21. Rg2
Bh6 22. Rh1 Rf4 23. h5 g5 24. Rg3 Nd4+ 25. Ke1 Qf6 26. Rf1 Rf8 27. Rg2 Nf3+ 28.
Ke2 g4 29. Qc3 Ng1+ 30. Ke1 Rf3 31. Qxc7 Re3+ 32. Kd1 Qf3+ 0-1

[Event "10. Lichtenberger Sommer"]
[Site "Berlin"]
[Date "2011.08.20"]
[Round "8.102"]
[White "Paris, Gerhard"]
[Black "Stark, Steven"]
[Result "0-1"]
[WhiteElo "1628"]
[BlackElo "1594"]
[PlyCount "164"]
[EventDate "2011.??.??"]
[WhiteTeam "TSG Oberschöneweide e.V."]
[BlackTeam "VfB Hermsdorf e.V."]

1. e4 e5 2. Nc3 Nf6 3. g3 Nc6 4. Bg2 Nd4 5. Nge2 Bc5 6. Nxd4 Bxd4 7. Ne2 Bb6 8.
O-O d6 9. h3 Be6 10. c3 Qd7 11. Kh2 O-O-O 12. d4 Qe7 13. d5 Bd7 14. a4 c6 15.
a5 Bc7 16. a6 b6 17. c4 Rdg8 18. b4 Kd8 19. Be3 g5 20. Qb1 Qf8 21. Rh1 Qh6 22.
Kg1 Qh5 23. Qc2 Ke7 24. c5 cxd5 25. cxb6 Bxb6 26. Bxb6 Rc8 27. Bc7 Ne8 28. exd5
Nxc7 29. g4 Qh6 30. Qe4 Rb8 31. Nd4 Ke8 32. Nc6 Bxc6 33. dxc6 Qe6 34. Kh2 d5
35. Qe3 e4 36. Qd4 Qd6+ 37. Kg1 f6 38. Bxe4 Rxb4 39. Qd2 Rxe4 40. Qb2 Rb4 41.
Re1+ Kf7 42. Qc2 Rc4 43. Qd3 Rxc6 44. Rb1 Nxa6 45. Rb7+ Nc7 46. Kg2 Kf8 47.
Rhb1 Rb6 48. Qf5 Kg7 49. R1xb6 axb6 50. Qc2 Rc8 51. Qf5 Rf8 52. Qc2 Rf7 53. Rb8
Qc5 54. Qf5 d4 55. Qc8 Rf8 56. Qd7+ Rf7 57. Qc8 Qc6+ 58. Kf1 Qe8 59. Qxe8 Nxe8
60. Rxe8 Rc7 61. Rd8 Rc4 62. Ke2 b5 63. Kd3 Rc3+ 64. Kxd4 Rxh3 65. Rb8 Rf3 66.
Rxb5 Rxf2 67. Ke3 Rf4 68. Ra5 Rxg4 69. Kf3 Rh4 70. Kg3 h5 71. Rb5 Ra4 72. Rb3
Kg6 73. Rb5 h4+ 74. Kh3 Kh5 75. Rb8 Ra3+ 76. Kh2 f5 77. Kg2 Kg4 78. Rb2 f4 79.
Kg1 Ra1+ 80. Kh2 Kf5 81. Rb5+ Kg4 82. Rb3 Ra2+ 0-1

[Event "10. Lichtenberger Sommer"]
[Site "Berlin"]
[Date "2011.08.20"]
[Round "8.103"]
[White "Winz, Michael"]
[Black "Herzsprung, Johanna"]
[Result "1/2-1/2"]
[WhiteElo "1684"]
[BlackElo "1148"]
[PlyCount "71"]
[EventDate "2011.??.??"]
[WhiteTeam "SC Friesen Lichtenberg e.V."]
[BlackTeam "BSC Rehberge 1945 e.V."]

1. d4 d5 2. Nf3 Nf6 3. c4 e6 4. Nc3 Nc6 5. Bg5 dxc4 6. e3 h6 7. Bh4 g5 8. Bg3
Nh5 9. Bxc4 Nxg3 10. fxg3 Bg7 11. O-O O-O 12. Rc1 a6 13. Bb3 Qe7 14. Bc2 Bd7
15. Qd3 f5 16. a3 Bf6 17. d5 Ne5 18. Nxe5 Bxe5 19. dxe6 Bxe6 20. Qe2 Qg7 21.
Bd3 Rf7 22. Bc4 Bxc4 23. Qxc4 Kh7 24. g4 f4 25. Qe4+ Kh8 26. Qxb7 Raf8 27. exf4
Bxf4 28. Qxa6 Bxc1 29. Rxc1 Qd4+ 30. Kh1 Qf6 31. Qxf6+ Rxf6 32. Kg1 Rc6 33. h3
Rb8 34. Rc2 Kg7 35. Kh2 Re8 36. a4 1/2-1/2

[Event "10. Lichtenberger Sommer"]
[Site "Berlin"]
[Date "2011.08.20"]
[Round "8.104"]
[White "Mildenberger, Hans"]
[Black "Heyne, Klaus"]
[Result "1/2-1/2"]
[WhiteElo "1633"]
[BlackElo "1477"]
[PlyCount "56"]
[EventDate "2011.??.??"]
[WhiteTeam "SG BVG Helmholtz 55 (FV Schach)"]
[BlackTeam "SV Berolina Mitte e.V."]

1. e4 c5 2. Nf3 d6 3. c3 Nc6 4. d4 cxd4 5. cxd4 Bg4 6. Be3 Nf6 7. Nc3 a6 8. Be2
Bxf3 9. Bxf3 e6 10. O-O Be7 11. Rc1 O-O 12. a3 Rc8 13. g3 b5 14. Qe2 Na5 15. e5
Nd7 16. Ne4 d5 17. Nc5 Bxc5 18. dxc5 Nxe5 19. b4 Nac6 20. Bf4 Nxf3+ 21. Qxf3
Nd4 22. Qd3 Nc6 23. Rfe1 Re8 24. Be5 Nxe5 25. Rxe5 Rc6 26. Rd1 f5 27. Rde1 Qf6
28. Qe3 Qe7 1/2-1/2

[Event "10. Lichtenberger Sommer"]
[Site "Berlin"]
[Date "2011.08.20"]
[Round "8.105"]
[White "Kitzler, Gerhard"]
[Black "Hubbe, Bernd"]
[Result "1-0"]
[WhiteElo "1588"]
[BlackElo "1353"]
[PlyCount "127"]
[EventDate "2011.??.??"]
[WhiteTeam "vereinslos"]
[BlackTeam "SC Rotation Pankow e.V."]

1. e4 e5 2. Nf3 Nc6 3. Bc4 h6 4. O-O Nf6 5. Re1 d6 6. h3 Bd7 7. d4 Qe7 8. d5
Na5 9. Bd3 c6 10. c4 cxd5 11. cxd5 b6 12. Bd2 Nb7 13. b4 Qd8 14. Nc3 Be7 15.
Rc1 a6 16. Ne2 O-O 17. Ng3 b5 18. Be3 Rc8 19. Qd2 Kh7 20. Rc3 a5 21. Qc2 Rxc3
22. Qxc3 a4 23. Rc1 g5 24. Qc7 Qa8 25. Qc2 Rg8 26. Nh2 Rc8 27. Qd2 Kg6 28. Qe2
Rxc1+ 29. Bxc1 Qc8 30. Qc2 Qxc2 31. Bxc2 h5 32. Nf3 Nh7 33. Nh2 f6 34. Bd1 h4
35. Ngf1 Nd8 36. Be2 Nf7 37. Bd2 Nh6 38. Ne3 Nf8 39. Neg4 Bd8 40. Be3 f5 41.
Nxh6 Kxh6 42. f3 f4 43. Ba7 Ng6 44. Bb8 Be7 45. Nf1 Nh8 46. Nd2 Nf7 47. Nb1 Kg7
48. Nc3 Kf8 49. Bxb5 Bxb5 50. Nxb5 Ke8 51. Nc3 Kd8 52. Ba7 Kc7 53. Nxa4 Kb7 54.
Bf2 Bd8 55. Kf1 Ka6 56. Nc3 Bc7 57. Ke2 Nd8 58. Kd3 Nb7 59. Kc4 Nd8 60. a4 Nb7
61. Na2 Nd8 62. Nc1 Nb7 63. Nb3 Ba5 64. b5# 1-0

[Event "10. Lichtenberger Sommer"]
[Site "Berlin"]
[Date "2011.08.20"]
[Round "8.106"]
[White "Schröder, Gert"]
[Black "Sandbrand, Alexandru"]
[Result "1-0"]
[WhiteElo "1386"]
[BlackElo "1360"]
[PlyCount "61"]
[EventDate "2011.??.??"]
[WhiteTeam "SV Königsjäger Süd-West e.V."]
[BlackTeam "SK Tempelhof 1931 e.V."]

1. d4 Nf6 2. c4 e5 3. Nf3 e4 4. Ng5 Bb4+ 5. Nc3 c5 6. d5 O-O 7. Qc2 Re8 8. h4
d6 9. Nh3 Ng4 10. Bg5 f6 11. Bf4 e3 12. g3 exf2+ 13. Nxf2 Ne3 14. Qd3 Bf5 15.
Nfe4 Rxe4 16. Bxe3 Qe8 17. Kf2 Bxc3 18. bxc3 Rf4+ 19. Bxf4 Bxd3 20. exd3 Qe7
21. Re1 Qf8 22. Bh3 f5 23. Re6 Nd7 24. Bxd6 Qf7 25. Rf1 a5 26. Kg2 g6 27. g4
Ra6 28. gxf5 gxf5 29. Rxf5 Qg7+ 30. Rg5 Ne5 31. Re8+ 1-0

[Event "10. Lichtenberger Sommer"]
[Site "Berlin"]
[Date "2011.08.20"]
[Round "8.107"]
[White "Stiemerling, Karl-Heinz"]
[Black "Lippianowski, Stefan"]
[Result "1-0"]
[WhiteElo "1673"]
[BlackElo "1261"]
[PlyCount "109"]
[EventDate "2011.??.??"]
[WhiteTeam "vereinslos"]
[BlackTeam "Treptower SV 1949 e.V."]

1. d4 d5 2. Nf3 Nc6 3. Bg5 h6 4. Bh4 g5 5. Bg3 Bg7 6. e3 a6 7. Bd3 Nf6 8. h3
Ne4 9. Bxe4 dxe4 10. Nfd2 f5 11. Qh5+ Kf8 12. f4 Qe8 13. Qxe8+ Kxe8 14. fxg5
Nb4 15. Na3 Be6 16. O-O Nd5 17. Rae1 hxg5 18. Nac4 b5 19. Ne5 Nb4 20. c3 Nd3
21. Nxd3 exd3 22. Bxc7 Kd7 23. Ba5 Ke8 24. b3 Rh5 25. e4 g4 26. exf5 Bxf5 27.
hxg4 Bxg4 28. Re4 Rg5 29. Nf3 Rg6 30. c4 Bh3 31. Rf2 Kd7 32. Bd2 Bf5 33. Ne5+
Bxe5 34. Rxf5 Rag8 35. g4 Bc7 36. g5 Rh8 37. Rg4 Rh2 38. Rg2 Rh5 39. Rf3 Rh4
40. Rxd3 Bb6 41. c5 Bc7 42. d5 Be5 43. c6+ Kc7 44. Ba5+ Kc8 45. Rf3 Bd4+ 46.
Kf1 Rh1+ 47. Ke2 Rh8 48. Kd3 Be5 49. Ke4 Bc7 50. Bc3 Rh4+ 51. Kf5 Rg8 52. Ke6
Bd6 53. Be5 Re4 54. Rf5 Rg6+ 55. Kf7 1-0

[Event "10. Lichtenberger Sommer"]
[Site "Berlin"]
[Date "2011.08.21"]
[Round "9.1"]
[White "Wendt, Jan-Dietrich"]
[Black "Franco Alonso, Alejandro"]
[Result "1/2-1/2"]
[WhiteElo "2360"]
[BlackElo "2452"]
[PlyCount "61"]
[EventDate "2011.??.??"]
[WhiteTeam "Sfrd. Berlin 1903 e.V."]
[BlackTeam "Gros Xake Taldea"]

1. d4 Nf6 2. Nf3 e6 3. c4 b6 4. g3 Ba6 5. Qc2 Bb4+ 6. Bd2 Be7 7. e4 d5 8. cxd5
Bxf1 9. Kxf1 exd5 10. e5 Ne4 11. Nc3 Nxc3 12. bxc3 Qd7 13. h4 Nc6 14. Ng5 Nd8
15. Nxh7 Ne6 16. Kg2 O-O-O 17. Ng5 Bxg5 18. hxg5 g6 19. Rh6 Qe7 20. Rah1 Rhg8
21. Rh7 Nf8 22. R7h4 Ne6 23. Qd3 Qa3 24. Rh7 Rgf8 25. Qc2 Qa6 26. Be3 Qc4 27.
g4 Kb8 28. R1h3 c5 29. Qd2 Rd7 30. Rf3 b5 31. Rf6 1/2-1/2

[Event "10. Lichtenberger Sommer"]
[Site "Berlin"]
[Date "2011.08.21"]
[Round "9.2"]
[White "Kalinitschew, Sergey"]
[Black "Muse, Drazen"]
[Result "1/2-1/2"]
[WhiteElo "2431"]
[BlackElo "2381"]
[PlyCount "24"]
[EventDate "2011.??.??"]
[WhiteTeam "SC Kreuzberg e.V."]
[BlackTeam "SK König Tegel 1949 e.V."]

1. d4 Nf6 2. c4 g6 3. g3 Bg7 4. Nc3 O-O 5. Bg2 c6 6. Nf3 d5 7. cxd5 cxd5 8. Ne5
Nc6 9. Nxc6 bxc6 10. O-O Qb6 11. Na4 Qb5 12. Nc3 Qb6 1/2-1/2

[Event "10. Lichtenberger Sommer"]
[Site "Berlin"]
[Date "2011.08.21"]
[Round "9.5"]
[White "Hein, Carsten"]
[Black "Klundt, Klaus"]
[Result "0-1"]
[WhiteElo "2182"]
[BlackElo "2377"]
[PlyCount "86"]
[EventDate "2011.??.??"]
[WhiteTeam "Potsdamer SV Mitte e.V."]
[BlackTeam "SC Heusenstamm"]

1. d4 d5 2. c4 c6 3. Nf3 Nf6 4. e3 e6 5. b3 Ne4 6. Bd3 f5 7. O-O Nd7 8. Qc2 Bd6
9. Ba3 Bxa3 10. Nxa3 O-O 11. Ne5 Nxe5 12. dxe5 Qe7 13. Nb1 Bd7 14. Nd2 Be8 15.
Rac1 Rd8 16. c5 Bh5 17. b4 Qc7 18. f4 Nxd2 19. Qxd2 g5 20. Be2 Bxe2 21. Qxe2
Kh8 22. Qb2 Rg8 23. Rc2 Rg6 24. Qd4 Rdg8 25. a4 Qg7 26. Rff2 a6 27. Rb2 gxf4
28. exf4 Rg4 29. Qd2 Qe7 30. Qd4 Qh4 31. Rbe2 Qh3 32. g3 h5 33. Rg2 h4 34. Re3
hxg3 35. Kh1 Qh6 36. Qd3 Qxf4 37. hxg3 Qxb4 38. Ree2 Qd4 39. Qb3 Qb4 40. Qe3
R8g7 41. Rh2+ Kg8 42. Rb2 Qc4 43. Rhg2 f4 0-1

[Event "10. Lichtenberger Sommer"]
[Site "Berlin"]
[Date "2011.08.21"]
[Round "9.6"]
[White "Cusnariov, Nicolai"]
[Black "Bruedigam, Martin"]
[Result "0-1"]
[WhiteElo "2143"]
[BlackElo "2322"]
[PlyCount "98"]
[EventDate "2011.??.??"]
[WhiteTeam "USV Potsdam e.V., Abt. Schach"]
[BlackTeam "USV Potsdam e.V., Abt. Schach"]

1. Nf3 g6 2. g3 Bg7 3. d4 c5 4. c3 b6 5. Bg2 Bb7 6. O-O Nf6 7. Qb3 Qc8 8. Ne5
d5 9. Bg5 O-O 10. Bxf6 exf6 11. Nf3 c4 12. Qc2 Nd7 13. Nbd2 f5 14. e3 Qc7 15.
Rfc1 b5 16. b4 Bc6 17. Bf1 Rfe8 18. Bg2 f6 19. Re1 Bf8 20. a3 Bd6 21. Nf1 Re7
22. Ra2 Nb6 23. Raa1 Qc8 24. h4 a5 25. h5 g5 26. N1d2 Be8 27. Reb1 axb4 28.
axb4 Rea7 29. Rxa7 Rxa7 30. Rb2 Bxh5 31. Ra2 Na4 32. Nxg5 fxg5 33. Bxd5+ Bf7
34. Nxc4 Bxd5 35. Nxd6 Qd7 36. Nxb5 Qxb5 37. Qxf5 Bc4 38. Qc8+ Kg7 39. Ra3 Bf7
40. Qg4 Ra6 41. e4 h6 42. d5 Nb2 43. Rxa6 Qxa6 44. f4 Nd3 45. Qe2 Qa1+ 46. Kh2
Qxc3 47. b5 gxf4 48. gxf4 Nxf4 49. Qg4+ Ng6 0-1

[Event "10. Lichtenberger Sommer"]
[Site "Berlin"]
[Date "2011.08.21"]
[Round "9.7"]
[White "Bruchmann, Stephan"]
[Black "Major, Vitalij"]
[Result "1/2-1/2"]
[WhiteElo "2304"]
[BlackElo "2112"]
[PlyCount "27"]
[EventDate "2011.??.??"]
[WhiteTeam "SC Rotation Pankow e.V."]
[BlackTeam "SC Zitadelle Spandau 1977 e.V."]

1. e4 c5 2. Nf3 d6 3. d4 cxd4 4. Qxd4 Nc6 5. Bb5 Bd7 6. Bxc6 Bxc6 7. Nc3 Nf6 8.
Bg5 e6 9. O-O-O Be7 10. Qd3 Qa5 11. h4 h6 12. Bxf6 Bxf6 13. Nd4 Qb6 14. f4
1/2-1/2

[Event "10. Lichtenberger Sommer"]
[Site "Berlin"]
[Date "2011.08.21"]
[Round "9.8"]
[White "Jahnz, Fabian"]
[Black "Dreke, Frank"]
[Result "1-0"]
[WhiteElo "2211"]
[BlackElo "2030"]
[PlyCount "67"]
[EventDate "2011.??.??"]
[WhiteTeam "SK König Tegel 1949 e.V."]
[BlackTeam "Treptower SV 1949 e.V."]

1. e4 Nf6 2. e5 Nd5 3. d4 d6 4. Nf3 Bg4 5. Be2 e6 6. O-O Be7 7. c4 Nb6 8. Nc3
O-O 9. Be3 Nc6 10. b3 dxe5 11. Nxe5 Bxe2 12. Nxe2 Nxe5 13. dxe5 Nd7 14. f4 Bc5
15. Bxc5 Nxc5 16. b4 Nd3 17. Qb3 b5 18. cxb5 Qd5 19. Qxd5 exd5 20. Rfb1 g5 21.
g3 gxf4 22. gxf4 a5 23. bxa6 Rfb8 24. b5 Rb6 25. Rb3 Nc5 26. Rg3+ Kf8 27. a4 c6
28. Rc3 Ne4 29. Rxc6 Rxc6 30. bxc6 Ke7 31. Rc1 Kd8 32. c7+ Kc8 33. Rc6 Ra7 34.
Nd4 1-0